Japanese: City Names in Katakana - Part 2 - Statistics

General Stats
  • This quiz has been taken 155 times
  • The average score is 12 of 20
Answer Stats
% Correct
ニューヨーク New York City
96%
オスロ Oslo
84%
マンチェスター Manchester
81%
リスボン Lisbon
78%
バンコク Bangkok
77%
ピョンヤン Pyongyang
71%
ジャカルタ Jakarta
68%
キエフ Kiev
65%
メルボルン Melbourne
65%
サクラメント Sacramento
65%
ラゴス Lagos
63%
エルサレム Jerusalem
56%
バンクーバー Vancouver
54%
ワルシャワ Warsaw
54%
レイキャヴィーク Reykjavík
44%
ティエンジン Tiānjīn
44%
テグシガルパ Tegucigalpa
42%
アビジャン Abidjan
31%
アルジェ Algiers
30%
ラクナウ Lucknow
23%
No matching quizzes found
Score Distribution
Percent of People with Each Score
Percentile by Number Answered
Your Score History
You have not taken this quiz